[Event "ROM-ch U16 Girls"]
[Site "Baile Felix"]
[Date "2017.02.08"]
[Round "8"]
[White "Banciu, Ana Maria"]
[Black "Tuduran, Camelia Diana"]
[Result "1-0"]
[WhiteElo "1397"]
[BlackElo "1471"]
[PlyCount "71"]
[EventDate "2017.02.02"]
[EventType "swiss"]
[EventRounds "9"]
[EventCountry "ROU"]
[SourceTitle "CBM 176 Extra"]
[Source "ChessBase"]
[SourceDate "2017.03.02"]
[SourceVersion "1"]
[SourceVersionDate "2017.03.02"]
[SourceQuality "1"]

1. e4 c5 2. Nf3 g6 3. d4 cxd4 4. Nxd4 Bg7 5. Nc3 Nc6 6. Be3 Nf6 7. Nxc6 bxc6 8. e5 Ng8 9. Bd4 f6 10. f4 Qc7 11. Qe2 e6 12. 0-0-0 c5 13. exf6 Nxf6 14. Be5 Qb7 15. Qb5 0-0 16. Qxb7 Bxb7 17. Bxf6 Bxf6 18. Rxd7 Rab8 19. Bc4 Rfe8 20. Re1 Bxg2 21. Rxe6 Rxe6 22. Bxe6+ Kh8 23. Rxa7 Bd4 24. Rf7 Bf3 25. h4 Re8 26. Bd7 Re1+ 27. Kd2 Rh1 28. f5 gxf5 29. Bxf5 h5 30. a4 Rxh4 31. a5 Bxc3+ 32. Kxc3 Rh1 33. a6 h4 34. Bc8 Bd5 35. Rd7 h3 36. Bb7 1-0

[Event "ROM-ch U14 Girls"]
[Site "Calimanesti Caciulata"]
[Date "2016.04.19"]
[Round "2"]
[White "Banciu, Ana Maria"]
[Black "Avadani, Teodora"]
[Result "0-1"]
[WhiteElo "1352"]
[BlackElo "1597"]
[PlyCount "80"]
[EventDate "2016.04.18"]
[EventType "swiss"]
[EventRounds "9"]
[EventCountry "ROU"]
[SourceTitle "CBM 172 Extra"]
[Source "ChessBase"]
[SourceDate "2016.06.21"]
[SourceVersion "1"]
[SourceVersionDate "2016.06.21"]
[SourceQuality "1"]

1. e4 e6 2. d4 d5 3. e5 f6 4. Nc3 Bb4 5. Bd2 Nc6 6. Bb5 Bd7 7. Nf3 Bxc3 8. Bxc3 Nge7 9. exf6 gxf6 10. Nh4 Ng6 11. Qh5 Nce7 12. Nxg6 Nxg6 13. Bd3 f5 14. 0-0-0 Qf6 15. Bd2 Qxd4 16. Kb1 Qxf2 17. a3 0-0-0 18. Rhe1 Qb6 19. Qf3 Rde8 20. Bf1 Bb5 21. Be3 c5 22. Bxb5 Qxb5 23. Rd3 Ne5 24. Qe2 Nxd3 25. cxd3 e5 26. Bf2 e4 27. Rd1 exd3 28. Qf3 Re5 29. Rxd3 Rhe8 30. g4 f4 31. h4 Qa4 32. b3 Qe4 33. Qxe4 dxe4 34. Rd1 Rd8 35. Rc1 e3 36. Be1 f3 37. Bg3 Red5 38. Kc2 f2 39. g5 Rd2+ 40. Kc3 Rd1 0-1

[Event "ROM-ch U14 Girls"]
[Site "Calimanesti"]
[Date "2015.04.02"]
[Round "5"]
[White "Banciu, Ana Maria"]
[Black "Uzuneanu, Gabriela"]
[Result "1/2-1/2"]
[WhiteElo "1387"]
[BlackElo "1394"]
[PlyCount "128"]
[EventDate "2015.03.30"]
[EventType "swiss"]
[EventRounds "9"]
[EventCountry "ROU"]
[SourceTitle "CBM 165 Extra"]
[Source "ChessBase"]
[SourceDate "2015.04.21"]
[SourceVersion "1"]
[SourceVersionDate "2015.04.21"]
[SourceQuality "1"]

1. e4 c5 2. c3 d6 3. d4 cxd4 4. cxd4 Nc6 5. Nf3 g6 6. Bc4 h6 7. 0-0 Bg7 8. Nc3 Nf6 9. Re1 0-0 10. Nh4 e5 11. Nxg6 Re8 12. dxe5 dxe5 13. Be3 a6 14. Qxd8 Rxd8 15. Rad1 Re8 16. Rd6 Na5 17. Bd5 Nxd5 18. Rxd5 Nc4 19. Nh4 Nxb2 20. Bc5 Be6 21. Rd2 Nc4 22. Rd3 b6 23. Be3 Nxe3 24. Rexe3 Red8 25. h3 Bc4 26. Rxd8+ Rxd8 27. Nf5 Rd3 28. Rxd3 Bxd3 29. Ne7+ Kf8 30. Ned5 b5 31. f3 Bc4 32. Kf2 f6 33. Nb4 a5 34. Nc6 a4 35. Na5 b4 36. Nxc4 bxc3 37. Ke3 Kf7 38. Kd3 Bf8 39. Kxc3 Kg6 40. Nb6 Kg5 41. g3 Bc5 42. Nxa4 Bf2 43. Nb2 Bxg3 44. a4 Bf2 45. a5 Kh4 46. a6 Kxh3 47. Kd3 Kg3 48. Ke2 h5 49. Nd1 Ba7 50. Ne3 Kh4 51. Nf5+ Kh3 52. Kf1 Bc5 53. Ke2 Ba7 54. Kd3 Bb6 55. Kc4 Kg2 56. Nh4+ Kg3 57. Nf5+ Kxf3 58. Kd5 Kf4 59. Nd6 Kg5 60. Ke6 Bd4 61. Nb5 Bb6 62. a7 Bxa7 63. Nxa7 Kf4 64. Kd5 f5 1/2-1/2

[Event "ROM-ch U12 Girls"]
[Site "Calimanesti"]
[Date "2014.04.11"]
[Round "7"]
[White "Boboc, Thea Elena"]
[Black "Banciu, Ana Maria"]
[Result "0-1"]
[WhiteElo "1413"]
[BlackElo "1253"]
[PlyCount "90"]
[EventDate "2014.04.06"]
[EventType "swiss"]
[EventRounds "9"]
[EventCountry "ROU"]
[SourceTitle "CBM 160 Extra"]
[Source "ChessBase"]
[SourceDate "2014.07.01"]
[SourceVersion "1"]
[SourceVersionDate "2014.07.01"]
[SourceQuality "1"]

1. d4 Nf6 2. c4 c5 3. e3 e6 4. Nc3 d5 5. cxd5 Nxd5 6. Nxd5 Qxd5 7. Qc2 Nc6 8. dxc5 Bxc5 9. Nf3 e5 10. Bc4 Qd6 11. 0-0 Bb6 12. a3 Bc7 13. Rd1 Qf6 14. e4 Bg4 15. Be2 Rc8 16. Qb3 Bb6 17. h3 Bh5 18. Bg5 Qg6 19. Qd5 0-0 20. g4 Bxg4 21. hxg4 h6 22. Bh4 Qxg4+ 23. Bg3 Rcd8 24. Qb5 Qxg3+ 25. Kh1 Qxf2 26. Rg1 Qc5 27. Qxc5 Bxc5 28. Rg2 Rfe8 29. Nh4 Re6 30. Rf1 Be7 31. Nf5 Rg6 32. Nxe7+ Nxe7 33. Rxg6 Nxg6 34. Bc4 Rd7 35. Bb5 Rd6 36. Be8 Rf6 37. Rxf6 gxf6 38. Bd7 Kf8 39. Bc8 b6 40. Bb7 Ne7 41. b4 f5 42. exf5 Nxf5 43. Be4 Ng3+ 44. Kg2 Nxe4 45. Kf3 Ng5+ 0-1

[Event "ROM-ch U12 Girls"]
[Site "Calimanesti"]
[Date "2014.04.09"]
[Round "4"]
[White "Banciu, Ana Maria"]
[Black "Stan, Andreea Loredana"]
[Result "0-1"]
[WhiteElo "1253"]
[BlackElo "1481"]
[PlyCount "114"]
[EventDate "2014.04.06"]
[EventType "swiss"]
[EventRounds "9"]
[EventCountry "ROU"]
[SourceTitle "CBM 160 Extra"]
[Source "ChessBase"]
[SourceDate "2014.07.01"]
[SourceVersion "1"]
[SourceVersionDate "2014.07.01"]
[SourceQuality "1"]

1. e4 c6 2. d4 d5 3. exd5 cxd5 4. c4 Nc6 5. Nf3 Bg4 6. Be3 Nf6 7. Nc3 e6 8. a3 Qc7 9. cxd5 Nxd5 10. Nxd5 exd5 11. Be2 Bd6 12. Nd2 Bxe2 13. Qxe2 0-0 14. Nf3 h6 15. 0-0 Rfe8 16. Qd3 Ne7 17. Rfe1 Ng6 18. Rac1 Qd7 19. Bd2 Rxe1+ 20. Rxe1 Re8 21. Qb3 Rxe1+ 22. Bxe1 Qc6 23. Qc3 Kh7 24. Qxc6 bxc6 25. Kf1 Nf4 26. Bc3 g5 27. h3 f6 28. Ke1 Nxg2+ 29. Kd2 Nf4 30. h4 g4 31. Ne1 h5 32. Ke3 Ng6 33. Ng2 f5 34. f4 gxf3 35. Kxf3 f4 36. Bd2 Kg7 37. Bxf4 Bxf4 38. Nxf4 Nxh4+ 39. Ke2 Nf5 40. Kd3 h4 41. b4 Kf6 42. a4 a6 43. b5 axb5 44. axb5 cxb5 45. Nxd5+ Kg5 46. Nc3 Nd6 47. Nd1 h3 48. Nf2 h2 49. Ke3 b4 50. Kd3 Kf4 51. Ke2 Ne4 52. Nd3+ Kg3 53. Nxb4 h1Q 54. Nd3 Qf3+ 55. Ke1 Qxd3 56. d5 Qd2+ 57. Kf1 Qf2# 0-1

[Event "ROM-ch U12 Girls"]
[Site "Calimanesti"]
[Date "2014.04.06"]
[Round "1"]
[White "Mincu, Smaranda Stanca Ioa"]
[Black "Banciu, Ana Maria"]
[Result "1-0"]
[WhiteElo "1497"]
[BlackElo "1253"]
[PlyCount "99"]
[EventDate "2014.04.06"]
[EventType "swiss"]
[EventRounds "9"]
[EventCountry "ROU"]
[SourceTitle "CBM 160 Extra"]
[Source "ChessBase"]
[SourceDate "2014.07.01"]
[SourceVersion "1"]
[SourceVersionDate "2014.07.01"]
[SourceQuality "1"]

1. e4 e5 2. Nf3 Nc6 3. d4 exd4 4. Nxd4 Nf6 5. Nxc6 bxc6 6. e5 Nd5 7. c4 Nb6 8. Nc3 d6 9. Bf4 Be6 10. b3 Be7 11. Be2 0-0 12. 0-0 f6 13. exd6 Bxd6 14. Bxd6 Qxd6 15. Qxd6 cxd6 16. Bf3 d5 17. Rfe1 Rfe8 18. cxd5 Nxd5 19. Nxd5 Bxd5 20. Bxd5+ cxd5 21. Rad1 Rxe1+ 22. Rxe1 Kf7 23. g3 Re8 24. Rxe8 Kxe8 25. Kf1 Ke7 26. Ke2 Ke6 27. Ke3 g5 28. a4 Ke5 29. b4 d4+ 30. Kd3 Kd5 31. h3 f5 32. f3 h6 33. f4 gxf4 34. gxf4 h5 35. h4 a6 36. a5 Kd6 37. Kxd4 Kc6 38. Ke5 Kb5 39. Kxf5 Kxb4 40. Ke5 Kxa5 41. f5 Kb5 42. f6 a5 43. f7 a4 44. f8Q Kb6 45. Kd5 Kc7 46. Qf6 Kb7 47. Qc6+ Ka7 48. Qb5 a3 49. Kc6 a2 50. Qb7# 1-0